000 00546nam a2200181Ia 4500
005 20250326141225.0
008 250326s9999 xx 000 0 und d
037 _aTextbook
040 _aFMSL
_beng
_cFMSL
041 _aeng
_2eng
084 _aL:14t4 N5
_qFMSL
100 _aSunder R
_9527056
245 0 _aHousehold survey of health care utilisation and expenditure and working paper no. 53
_cSunder R
260 _aNew Delhi
_bNew Delhi, NCAER
_c1995
300 _a118p
942 _cTB
_hL:14t4 N5
999 _c1289305
_d1289305